000 01396nam a2200409 c 4500
001 52891
003 ES-MaCES
005 20250203133307.0
008 231031s2023 sp 000 | spa d
017 _aM 525-2023
_bDL
020 _a9788413526157
040 _aES-MaCES
_bspa
_cES-MaCES
100 1 _940511
_aFisas Armengol, Vicenç
245 1 4 _aUna agenda de paz para tiempos turbulentos
_cVicenç Fisas
260 _aMadrid
_bLos Libros de la Catarata
_c[2023]
300 _a174 p.
_c22 cm
490 1 _aColección Investigación y debate
_v386
541 _cCompra
650 4 _aglobalización económica
_930653
650 4 _anuevo orden económico internacional
_929223
650 4 _arelaciones internacionales
_926675
650 4 _apolítica exterior
_926687
650 4 _apolítica de defensa
_926692
650 4 _acambio climático
_930961
650 4 _aconflicto armado
_930364
650 4 _aviolencia
_929388
650 4 _aderechos humanos
_927171
650 4 _aterrorismo
_929387
650 4 _ageografía política
_928776
650 4 _ageografía económica
_928772
650 4 _afuturo
_928901
653 1 0 _aCiencias Sociales-Políticas
787 0 _tApogeo y declive de la Globalización. V. II
_w(ES-MaCES)52430
830 0 _aColección Investigación y debate (Los Libros de la Catarata)
_v386
_934266
902 _aLIB Libro
942 _2CES
_cBK
_h7.0.
999 _c52891
_d52891